000
00300nam a22001217a 4500
008
180426b xxu||||| |||| 00| 0 eng d
041
_a
eng
080
_a
043.3
100
_a
0
101
_a
SHKI-MTH
245
_a
Metodat e verifikimit në sistemet multimodale biometrike
_c
Raçi,V
942
_2
udc
_c
BK
999
_c
45561
_d
45561